000 01078nam0a22002531 4500
001 rc\248576
005 20030307120541.8
035 _a(NLR Aleph) 005504874
090 _a5344596
_c5344596
100 _a20030307d1990 u |0rusy50 ca
101 0 _arus
102 _aRU
105 _ay |||||||||
200 1 _aМЕТОДИЧЕСКИЕ рекомендации по вопросам самостоятельной работы для слушателей ФПК вузов, техникумов, аспирантов, студентов
_fГос. ком. СССР по нар. образованию. Моск. текстил. ин-т им. А. Н. Косыгина
_gСост. Е.С. Лим, к. п. н.
210 _aМ.
_cБ. и.
_d1990
215 _a26 с.
_d20
320 _aБиблиогр.: с. 19
702 1 _aЛим
_bЕ. С.
_4220
712 0 2 _aМосковский текстильный ин-т им. А.Н.Косыгина
_3RU\NLR\AUTH\8810004351
801 0 _aRU
_bNLR
_gpsbo
801 1 _aRU
_bELAR
_2rusmarc
852 _aNLR
_j91-4/9550
942 _cBOOK
980 _aNB